000 00772nam a2200229 a 4500
001 000019664
005 20200929170108.0
008 100702s1966 sp 001 0dspa d
040 _aDO-SdBNP
_bspa
_cBNPHU
082 _annnn
_bT655s, 1966
100 1 _aTomás de Aquino, Santo,
_d1225-1274
_942112
245 1 0 _aSuma teológica, teológica /
_cSanto Tomás de Aquino ; introducción y notas de P. Ismael Quiles, S. I.
250 _a7a ed.
260 _aMadrid :
_bEspasa-Calpe.,
_c1966.
300 _a146, [18] p. ;
_c18 cm.
490 1 _aAustral
_v310
504 _aIncluye referencias bibliográficas y notas al pie de las páginas.
500 _aIncluye índice
700 1 _aQuiles, Isamael,
_eintrod.
_942113
830 0 _aAustral ;
_v310
_93065
049 _aBNGR
999 _c19180
_d19180